Responses for show #2008 - Wednesday, May 5, 1993

1993 College Championship quarterfinal game 3.

Contestants

[<< previous game]

Dave Larson, a senior from University of Wisconsin at Madison

Ericka Hayes, a junior from Washington University

Nelson Brooks, a senior from University of South Carolina

[next game >>]

Jeopardy! Round responses

THE PENGUIN
JOKERS
"HOLY"
COTTON
UNDERWEAR
BATMAN
    $100 26
their wings

Dave
    $100 1
Whoopi Goldberg

Dave
    $100 6
Holy cow!

Dave
    $100 21
bales

Ericka
    $100 16
Madonna

Nelson
    $100 11
Gotham City

Dave
    $200 27
the Emperor penguin

Dave
    $200 2
Rodney Dangerfield

Dave
    $200 7
a holy terror

Dave
    $200 22
cottonseed oil

Nelson
    $200 17
Marky Mark

Dave
    $200 12
the Batmobile

Dave
    $300 28
New Zealand

Dave
    $300 3
Tim Allen

Nelson
    $300 8
the Holy Ghost

Nelson
    $800 23
the filament

Nelson
    $300 18
Nadia Comaneci

Dave
    $300 13
Robin

Dave
    $400 29
the Galapagos

Dave
    $400 4
Garry Shandling

Dave
    $400 9
the Holy Roman Empire

Dave
    $400 24
the ginning

Triple Stumper
    $400 19
fireproof

Dave
    $400 14
the utility belt

Nelson
    $500 30
leopard seals

Triple Stumper
    $500 5
Rosie O'Donnell

Dave
    $500 10
(Nelson: What is the, uh, holy tabernacle?)

the Holy of Holies

Nelson
Triple Stumper
    $500 25
Madras

Dave
    $500 20
grapes

Ericka
    $500 15
the Riddler

Dave

Scores at the first commercial break (after clue 15):

Nelson Ericka Dave
$500 $0 $3,000

Scores at the end of the Jeopardy! Round:

Nelson Ericka Dave
$1,600 $600 $5,400

Double Jeopardy! Round responses

THE 20th CENTURY
COOKING
WORLD GEOGRAPHY
COLLEGES & UNIVERSITIES
SCIENTISTS & INVENTORS
AMERICAN LITERATURE
    $200 5
(General) Schwarzkopf

Nelson
    $200 22
pig's knuckles

Dave
    $200 8
the Nile

Nelson
    $200 17
(Dave: What's Florida?)

Florida State

NelsonDave
    $200 1
Marie Curie

Nelson
    $200 14
The Old Man and the Sea

Nelson
    $400 6
television

Ericka
    $400 23
frying

Dave
    $400 9
Ireland

Dave
    $400 18
(University of) Michigan

Dave
    $400 2
Goodyear

Ericka
    $400 12
(Dave: Who is Cooper?)

Washington Irving

NelsonDave
    $600 7
(Ericka: Who is Christina McAuliffe?)

Christa McAuliffe

ErickaDave
    $600 28
sticking to the pin

Dave
    $600 10
the Gobi

Ericka
    $600 19
Notre Dame

Nelson
    $600 3
(Dave: What's AT&T?)

Western Union

Dave
Triple Stumper
    $600 13
"The Tell-Tale Heart"

Dave
    $2,000 26
Ryan White

Nelson
    $800 29
frost them (decorate them)

Ericka
    $800 24
(Dave: What's Mount Pinatubo?)

Krakatoa

NelsonDave
    $800 20
William & Mary

Dave
    $800 4
Fahrenheit

Nelson
    $800 15
East of Eden

Nelson
    $1000 27
the Taft-Hartley Act

Triple Stumper
    $1000 30
Parmesan

Nelson
    $1000 25
Lake Geneva

Nelson
    $1000 21
Columbia

Ericka
    $1,000 11
(Enrico) Fermi

Ericka
    $1000 16
Poker Flat

Nelson

Scores at the end of the Double Jeopardy! Round:

Nelson Ericka Dave
$11,000 $4,200 $7,400

Final Jeopardy! Round responses

IN THE NEWS
(Alex: The president of the Czech Republic and was president of Czechoslovakia.)
[Dave wrote the H on top of some other letter.]
ErickaWho is Rivera
$4,200
DaveWho is V. Havel
$3,601
NelsonWho is Vaclav Havel
$4,000
Vaclav Havel

Final scores:

Nelson Ericka Dave
$15,000 $0 $11,001
Automatic semifinalist 3rd place: $1,000 if eliminated 2nd place: $1,000 if eliminated

Game dynamics:

Coryat scores:

Nelson Ericka Dave
$9,300 $4,200 $7,400
20 R
(including 2 DDs),
1 W
8 R
(including 1 DD),
1 W
27 R,
4 W

Combined Coryat: $20,900

The J! Archive is created by fans, for fans. Scraping, republication, monetization, and malicious use prohibited; this site may use cookies and collect identifying information. See terms. The Jeopardy! game show and all elements thereof, including but not limited to copyright and trademark thereto, are the property of Jeopardy Productions, Inc. and are protected under law. This website is not affiliated with, sponsored by, or operated by Jeopardy Productions, Inc. Join the discussion at JBoard.tv.